| 000 | 01496 a2200241 4500 | ||
|---|---|---|---|
| 005 | 20200406082853.0 | ||
| 008 | 200225s1971 xxu |||fr|||| 00| 0 spa d | ||
| 020 | _a9784871874168 | ||
| 040 |
_aCO-BoUCM _bspa _cDeissy Garcia _dDeissy Garcia |
||
| 041 | 0 | _aeng | |
| 100 | 1 |
_aAvedon, Elliott M. _999874 |
|
| 245 | 1 | 4 |
_aThe study of games _cElliott M. Avedon, Brian Sutton-Smith |
| 260 |
_aNueva York _bISHI PRESS _c1971 |
||
| 300 |
_axiv, 530 páginas _c23 cm |
||
| 504 | _aIncluye referencias bibliográficas e índices | ||
| 520 | 3 | _aThis is a comprehensive study of all games, board games, card games, strategy games, children's games and sporting games such as baseball. What is the history of games? Why do people play games? The authors, Elliott Morton Avedon and Brian Sutton-Smith are recognized authorities on the study of games. Elliott Morton Avedon is the author of “Therapeutic Recreation Service: An Applied Behavioural Approach”. Brian Sutton-Smith is focused on children's games, adult games, children's play, children's drama, films and narratives, as well as children's gender issues and sibling position. Brian Sutton-Smith is the author of some 50 books and some 350 scholarly articles on games. | |
| 650 | 1 | 7 |
_925291 _aTeoría de los juegos |
| 650 | 1 | 7 |
_aJuegos educativos _918131 |
| 650 | 1 | 0 |
_aJuegos _999876 _xInvestigaciones |
| 700 | 1 |
_999875 _aSutton-Smith, Brian, |
|
| 942 |
_cLIBRO _2DEWEY _a5 _e20 _h306.487 _mA948s |
||
| 999 |
_c317077 _d317077 |
||